000 00280nam a22001337a 4500
008 181204b xxu||||| |||| 00| 0 eng d
020 _a9781933107639
041 _aeng
080 _a615
100 _a3
101 _aSHM
245 _aPharnacology
_cJames,P
942 _2udc
_cBK
999 _c52793
_d52793